000
00350nam a2200157Ia 4500
008
230524s9999 xx 000 0 und d
082
_b
GOO
100
_a
Dan Gookin
_9
2822
245
0
_a
C For Dummies
250
_a
4TH
260
_a
NEW DELHI
_b
Laxmi
_c
1998
300
_a
XX;559
500
_a
Quantity Number: 1
650
_a
Comp-Sc
942
_c
BK
999
_c
4819
_d
4819